Código Civil de la República de Chile

Guardat en:
Dades bibliogràfiques
Format: Llibre
Idioma:espanyol
Publicat: Santiago Imprenta Nacional 1856
Matèries:
Etiquetes: Afegir etiqueta
Sense etiquetes, Sigues el primer a etiquetar aquest registre!

MARC

LEADER 00000cam a2200000 a 4500
001 UCS2148
003 CL-VaPUC
008 970516e18560000CL |||||||||||||||||spa|d
082 0 4 |a 346.83  |b COD  |2 21 
245 1 0 |a Código Civil de la República de Chile 
300 |a 641 p 
942 |c BK 
945 |d 19970516 00:00:00  |a lriquelm 
260 |a Santiago  |b Imprenta Nacional  |c 1856 
650 0 |a Derecho civil  |9 255013 
650 0 |a Códigos  |9 352314 
650 0 |a Personas  |9 255751 
650 0 |a Bienes  |9 255749 
650 0 |a Posesión   |9 258681 
650 0 |a Derecho sucesorio  |9 255015 
650 0 |a Obligaciones   |9 255578 
650 0 |a Contratos  |9 255153 
650 0 |a Compraventa  |9 255413 
651 7 |a CHILE  |2 CL-VaPUC  |9 387236 
583 |a last modification  |c 20140409 08:53:48  |k Rodrigo Vera 
999 |c 260139  |d 260137 
952 |0 0  |1 0  |2 ddc  |4 0  |5 1  |6 346_830000000000000_COD_1856  |7 1  |8 C_LRYV  |9 285772  |a FDOBRV  |b FDOBRV  |c F_LRYV  |d 2019-11-19  |i 1856391  |o 346.83 COD 1856  |p 1856391  |r 2023-01-25  |w 2019-11-19  |y BK_X  |k BRV 
952 |0 0  |1 0  |2 ddc  |3 erd  |4 0  |5 1  |6 346_830000000000000_COD_1856  |7 1  |8 C_LRYV  |9 285773  |a FDOBRV  |b FDOBRV  |c F_LRYV  |d 2019-11-19  |i 1856405  |l 1  |o 346.83 COD 1856  |p 1856405  |r 2023-01-25  |s 2020-03-20  |w 2019-11-19  |y BK_X  |k BRV 
952 |0 0  |1 0  |2 ddc  |3 erd  |4 0  |5 1  |6 346_830000000000000_COD_1856  |7 1  |8 C_LRYV  |9 285774  |a FDOBRV  |b FDOBRV  |c F_LRYV  |d 2019-11-19  |i 1951122  |o 346.83 COD 1856  |p 1951122  |r 2023-01-25  |w 2019-11-19  |y BK_X  |k BRV 
952 |0 0  |1 0  |2 ddc  |4 0  |5 1  |6 346_830000000000000_COD_1856  |7 1  |8 C_LRYV  |9 285775  |a FDOBRV  |b FDOBRV  |c F_LRYV  |d 2019-11-19  |i 1954687  |o 346.83 COD 1856  |p 1954687  |r 2023-01-25  |w 2019-11-19  |y BK_X  |k BRV 
952 |0 0  |1 0  |4 0  |6 346_830000000000000_COD_1856  |7 0  |8 X  |9 285776  |a BIBHIS  |b BIBHIS  |d 2019-11-19  |i 4255232  |o 346.83 COD 1856  |p 4255232  |r 2024-01-30  |w 2019-11-19  |y BK_X  |k HIS 
952 |0 0  |1 0  |4 0  |6 346_830000000000000_COD_1856  |7 0  |8 X  |9 285777  |a BIBHIS  |b BIBHIS  |d 2019-11-19  |i 4191838  |o 346.83 COD 1856  |p 4191838  |r 2024-01-30  |w 2019-11-19  |y BK_X  |k HIS 
952 |0 0  |1 0  |4 0  |6 346_830000000000000_COD_1856  |7 0  |8 X  |9 285778  |a FDOBUD  |b FDOBUD  |d 2019-11-19  |i 4862244  |o 346.83 COD 1856  |p 4862244  |r 2019-11-19  |w 2019-11-19  |y BK_X  |k FHP 
952 |0 0  |1 0  |2 ddc  |3 erd  |4 0  |5 1  |6 346_830000000000000_COD_1856  |7 1  |8 C_LRYV  |9 285779  |a FDOBRV  |b FDOBRV  |c F_LRYV  |d 2022-07-13  |i 5020611  |o 346.83 COD 1856  |p 5020611  |r 2023-01-25  |w 2019-11-19  |y BK_X  |z Catalogado en:20141113  |k BRV